| 000 | 00000nam 2200000zi 4500 |
| 001 | 9.885639 |
| 003 | CaOODSP |
| 005 | 20240912122833 |
| 006 | m o d f |
| 007 | cr mn||||||||| |
| 008 | 200408t20202020abc o f000 0 eng d |
| 020 | |a9780660344416 |
| 040 | |aCaOODSP|beng|erda|cCaOODSP |
| 043 | |an-cn--- |
| 045 | |ay2y2 |
| 086 | 1 |aNE23-208/2020E-PDF |
| 245 | 00|aAnnual public opinion research measures 2020 : |bfinal report / |cprepared for Canada Energy Regulator. |
| 246 | 3 |aCanada Energy Regulator - annual public opinion research measures 2020 : |bfinal report |
| 246 | 3 |aAnnual public opinion research measures 2020 |
| 264 | 1|a[Calgary, Alta.] : |bCanada Energy Regulator = Régie de l'énergie du Canada, |c2020. |
| 264 | 4|c©2020 |
| 300 | |a1 online resource (ii, 28 pages) + |esummary (3 pages) |
| 336 | |atext|btxt|2rdacontent |
| 337 | |acomputer|bc|2rdamedia |
| 338 | |aonline resource|bcr|2rdacarrier |
| 500 | |aIssued also in French under title: Mesures de recherche annuelle sur l'opinion publique de 2020 : rapport final. |
| 500 | |aTitle from cover. |
| 500 | |a"Supplier name: Environics Research." |
| 500 | |a"Contract number: 84084-190180/001/CY." |
| 500 | |a"Delivery date: 2020-02-28." |
| 500 | |a"Registration number: POR 060-19." |
| 610 | 20|aCanada Energy Regulator|xPublic opinion. |
| 650 | 0|aPipelines|zCanada|xPublic opinion. |
| 650 | 0|aElectric lines|zCanada|xPublic opinion. |
| 650 | 0|aPublic opinion|zCanada. |
| 710 | 2 |aCanada Energy Regulator, |eissuing body. |
| 710 | 2 |aEnvironics Research Group, |econsultant. |
| 775 | 08|tMesures de recherche annuelle sur l'opinion publique de 2020 : |w(CaOODSP)9.885638 |
| 794 | |tAnnual public opinion research measures 2021 : |w(CaOODSP)9.897864 |
| 856 | 40|qPDF|s1.56 MB|uhttps://publications.gc.ca/collections/collection_2020/rec-cer/NE23-208-2020-eng.pdf|z(final report) |
| 856 | 40|qPDF|s848 KB|uhttps://publications.gc.ca/collections/collection_2020/rec-cer/NE23-208-2020-1-eng.pdf|z(executive summary) |
| 856 | 4 |qHTML|sN/A|uhttps://epe.lac-bac.gc.ca/100/200/301/pwgsc-tpsgc/por-ef/national_energy_board/2020/060-19-e/report.html|z(final report) |
| 856 | 4 |qHTML|sN/A|uhttps://epe.lac-bac.gc.ca/100/200/301/pwgsc-tpsgc/por-ef/national_energy_board/2020/060-19-e/summary/summary.html|z(executive summary) |
| 856 | 4 |qHTML|sN/A|uhttps://epe.lac-bac.gc.ca/100/200/301/pwgsc-tpsgc/por-ef/national_energy_board/2020/060-19-e/index.html|z(complete dataset) |